[Event "Titled Tue 17th Jun Early"]
[Site "chess.com INT"]
[Date "2025.06.17"]
[Round "4"]
[White "Buyankhishig, Batpelden"]
[Black "Garcia, Jhoel"]
[Result "0-1"]
[WhiteTitle "WFM"]
[BlackTitle "IM"]
[WhiteElo "2015"]
[BlackElo "2293"]
[WhiteFideId "4923537"]
[BlackFideId "3801110"]
[EventDate "2025.06.17"]

1. d4 e6 2. c4 Nf6 3. Nf3 Bb4+ 4. Nbd2 b6 5. g3 Bb7 6. Bg2 Ne4 7. O-O Nxd2 8.
Bxd2 Be7 9. Qc2 d5 10. Ne5 Nd7 11. Qa4 Bd6 12. cxd5 Bxe5 13. dxe5 exd5 14. Bh3
c6 15. e6 fxe6 16. Bxe6 Nc5 17. Qg4 Qe7 18. Bf5 O-O 19. Bc3 Bc8 20. Bxc8 Raxc8
21. f4 Qe3+ 22. Kh1 d4 23. Bb4 Rce8 24. Bxc5 bxc5 25. Rae1 Rf6 26. Qf3 Rfe6 27.
Kg2 d3 28. Qxe3 Rxe3 29. Rf2 d2 30. Rd1 Rxe2 31. Rxe2 Rxe2+ 32. Kf1 Rxh2 33. Kg1
Re2 34. Kf1 Re1+ 35. Rxe1 dxe1=Q+ 36. Kxe1 Kf7 37. Kd2 Ke6 38. Kd3 Kd5 39. b3 h5
40. a3 a6 41. a4 a5 42. f5 Ke5 43. Kc4 Kxf5 44. Kxc5 g5 45. b4 h4 46. gxh4 g4
47. bxa5 g3 48. a6 g2 49. Kxc6 g1=Q 50. Kb7 Qb1+ 51. Kc8 Qc2+ 52. Kb7 Qb3+ 53.
Kc7 Qxa4 54. Kb7 Qb5+ 55. Ka7 Ke6 56. h5 Kd7 57. h6 Kc7 58. h7 Qb8# 0-1

[Event "Titled Tue 17th Jun Early"]
[Site "chess.com INT"]
[Date "2025.06.17"]
[Round "4"]
[White "Samunenkov, Ihor"]
[Black "Pavlov, Nikolay"]
[Result "1-0"]
[WhiteTitle "GM"]
[BlackTitle "FM"]
[WhiteElo "2562"]
[BlackElo "2316"]
[WhiteFideId "14187086"]
[BlackFideId "24141470"]
[EventDate "2025.06.17"]

1. e4 c6 2. d4 d5 3. e5 c5 4. Nf3 Nc6 5. dxc5 e6 6. Be3 Nh6 7. c3 Nf5 8. Bd4 Bd7
9. a3 b6 10. cxb6 Nfxd4 11. cxd4 Qxb6 12. Ra2 Rc8 13. Be2 Na5 14. Nbd2 Be7 15.
O-O O-O 16. b4 Nc4 17. Nb3 Ba4 18. Qb1 a5 19. Nc5 Bc6 20. Bd3 h6 21. Nd2 Rb8 22.
Bxc4 dxc4 23. Nxc4 Qa7 24. Nxa5 Bd5 25. Rc2 f6 26. Re1 fxe5 27. Rxe5 Qxa5 28.
Qc1 Qa7 29. Nxe6 Bxe6 30. Rxe6 Bf6 31. d5 Bd4 32. Qe1 Rbd8 33. d6 Qxa3 34. h3
Qd3 35. Rd2 Qc3 36. Qd1 Bf6 37. d7 Qxb4 38. Qe2 Kh8 39. Re8 Qb1+ 40. Rd1 1-0

[Event "Titled Tue 17th Jun Early"]
[Site "chess.com INT"]
[Date "2025.06.17"]
[Round "4"]
[White "Matyakubov, Miraziz"]
[Black "Herrera Ortiz, Miguel"]
[Result "0-1"]
[WhiteTitle "CM"]
[BlackTitle "IM"]
[WhiteElo "2278"]
[BlackElo "2174"]
[WhiteFideId "14215772"]
[BlackFideId "5100550"]
[EventDate "2025.06.17"]

1. e4 e6 2. d4 d5 3. Nc3 Bb4 4. e5 c5 5. a3 Bxc3+ 6. bxc3 Nc6 7. Nf3 Qa5 8. Bd2
Nge7 9. h4 Bd7 10. Rh3 O-O-O 11. Be2 f6 12. c4 Qc7 13. cxd5 exd5 14. exf6 gxf6
15. Rh1 cxd4 16. Kf1 Rhg8 17. Bd3 Bf5 18. Bh6 Be4 19. Rh3 Nf5 20. Qd2 Ne5 21.
Bf4 Qg7 22. Rh2 Nxf3 23. gxf3 Qg1+ 24. Ke2 Qxa1 25. fxe4 Rde8 26. Qa5 Qc3 27.
Qxa7 Qc6 28. f3 Kd7 29. Kd2 Nd6 30. Bxd6 Kxd6 31. Qxd4 Kc7 32. exd5 Qd6 33. Rf2
Re5 34. f4 Rxd5 35. Qc4+ Kb8 36. Re2 Rc8 37. Qa4 Rd4 38. Qb5 Qxf4+ 39. Kd1 Qf1+
40. Re1 Qf3+ 41. Kd2 Qc6 42. Qb3 Rxh4 43. Re6 Rh2+ 44. Kc1 Qc3 45. Qa4 Rh1+ 46.
Bf1 0-1

[Event "Titled Tue 17th Jun Early"]
[Site "chess.com INT"]
[Date "2025.06.17"]
[Round "4"]
[White "Weetik, Vjacheslav"]
[Black "Teterev, Vitaly"]
[Result "1-0"]
[WhiteTitle "FM"]
[BlackTitle "GM"]
[WhiteElo "2423"]
[BlackElo "2248"]
[WhiteFideId "4153472"]
[BlackFideId "13501429"]
[EventDate "2025.06.17"]

1. d4 Nf6 2. c4 g6 3. Nc3 Bg7 4. e4 d6 5. Nf3 O-O 6. Be2 e5 7. O-O Na6 8. Be3
Ng4 9. Bg5 Qe8 10. dxe5 dxe5 11. h3 f6 12. Bd2 Nh6 13. a3 c6 14. b4 Nf7 15. Be3
Qe7 16. Qc2 f5 17. Rad1 f4 18. Bc1 Nc7 19. c5 g5 20. Nh2 Ne6 21. Bg4 Nd4 22. Qa2
Kh8 23. Ne2 Be6 24. Bxe6 Nxe6 25. g4 Nd4 26. Kg2 a5 27. Qb2 axb4 28. axb4 Qe6
29. Nxd4 exd4 30. Nf3 Ra2 31. Qb1 Rfa8 32. Bb2 Rxb2 33. Qxb2 Qxe4 34. Rfe1 Qd5
35. Qe2 Rd8 36. Qe6 h6 37. Rd3 Kg8 38. Qxd5 Rxd5 39. Re7 b5 40. cxb6 Rb5 41. b7
Rxb4 42. Re8+ Kh7 43. b8=Q Rxb8 44. Rxb8 1-0

[Event "Titled Tue 17th Jun Early"]
[Site "chess.com INT"]
[Date "2025.06.17"]
[Round "4"]
[White "Tiitta, Sauli"]
[Black "Gutierrez Olivares, Daniel"]
[Result "0-1"]
[BlackTitle "FM"]
[WhiteElo "2157"]
[BlackElo "2354"]
[WhiteFideId "502251"]
[BlackFideId "2264005"]
[EventDate "2025.06.17"]

1. g4 c6 2. d4 d6 3. h3 g6 4. Nc3 Bg7 5. e4 b5 6. a3 a6 7. Bg2 Nd7 8. Bg5 Qc7 9.
Nge2 Nb6 10. O-O h5 11. Ng3 hxg4 12. hxg4 Nf6 13. Bf3 Qd7 14. Kg2 Nxg4 15. Rh1
Nh6 16. Qc1 Ng8 17. e5 Bb7 18. Rxh8 Bxh8 19. Qf4 f6 20. exf6 exf6 21. Re1+ Kd8
22. Bh4 g5 23. Bxg5 fxg5 24. Qxg5+ Kc7 25. Bg4 Qg7 26. Qxg7+ Bxg7 27. Nf5 Bf8
28. d5 cxd5 29. Nd4 Bc8 30. Ne6+ Bxe6 31. Rxe6 Rd8 32. Ne2 Nc4 33. b3 Ne5 34.
Bh3 Ne7 35. Nd4 N7g6 36. Rxg6 Nxg6 37. Ne6+ Kb8 38. Nxd8 Nf4+ 39. Kh2 Ne2 40.
Ne6 Bh6 41. Bf5 Kb7 0-1

[Event "Titled Tue 17th Jun Early"]
[Site "chess.com INT"]
[Date "2025.06.17"]
[Round "4"]
[White "Redor, Menandro"]
[Black "Rosenbecker, Daniel"]
[Result "0-1"]
[BlackTitle "CM"]
[WhiteElo "2021"]
[BlackElo "2109"]
[WhiteFideId "5222010"]
[BlackFideId "1718959"]
[EventDate "2025.06.17"]

1. e4 e6 2. d4 d5 3. exd5 exd5 4. Nf3 Nf6 5. c4 Be7 6. Nc3 O-O 7. cxd5 Nxd5 8.
Bc4 Nxc3 9. bxc3 c5 10. O-O cxd4 11. cxd4 Bf6 12. h3 Nc6 13. Be3 b6 14. Rc1 Bb7
15. Bb5 Nb4 16. a3 Nd5 17. Bc6 Bxc6 18. Rxc6 Qd7 19. Qc2 Nxe3 20. fxe3 Rfe8 21.
Kf2 Rac8 22. Rc1 Rcd8 23. Qc4 Qf5 24. Rc7 Bh4+ 25. Kg1 Bg3 26. Rf1 Bxc7 27. Ne5
Qc8 28. Qxf7+ Kh8 29. Qb3 Bxe5 30. dxe5 Qe6 31. Qa4 Rf8 32. Rc1 Qxe5 33. e4 Qd4+
34. Qxd4 Rxd4 35. e5 Ra4 36. Rc7 Re8 37. e6 Kg8 38. h4 Rxa3 39. Kh2 Re3 40. g3
R3xe6 41. Kh3 a5 42. h5 h6 43. Kh4 Re4+ 44. g4 Rb4 0-1

[Event "Titled Tue 17th Jun Early"]
[Site "chess.com INT"]
[Date "2025.06.17"]
[Round "4"]
[White "Starozhilov, Leonid"]
[Black "Elier, Ali"]
[Result "0-1"]
[WhiteTitle "FM"]
[BlackTitle "CM"]
[WhiteElo "2240"]
[BlackElo "2142"]
[WhiteFideId "14106752"]
[BlackFideId "16217543"]
[EventDate "2025.06.17"]

1. e4 e5 2. Nf3 Nc6 3. Nc3 Nf6 4. Bb5 Nd4 5. O-O Nxf3+ 6. Qxf3 Bc5 7. d3 h6 8.
Bc4 d6 9. Be3 O-O 10. h3 Be6 11. Bb3 Bb6 12. Rae1 Qd7 13. Bxh6 gxh6 14. Qxf6 Kh7
15. Nd5 Rg8 16. Nxb6 axb6 17. Bxe6 fxe6 18. f4 exf4 19. Rxf4 Rxa2 20. Ref1 Qg7
21. Qxg7+ Rxg7 22. Rb1 e5 23. Rf6 Rg6 24. Rf5 Ra8 25. Kf2 Kg7 26. g4 Rf6 27. Ke3
Ra2 28. Kd2 Rxf5 29. gxf5 Kf7 30. b3 Ra8 31. Rg1 Rg8 32. Rxg8 Kxg8 33. b4 b5 34.
c3 Kf7 35. Ke3 Kf6 36. h4 d5 37. Kf3 c5 38. Ke2 c4 39. Ke3 cxd3 40. Kxd3 dxe4+
41. Kxe4 h5 42. Kd5 Kxf5 43. Kc5 e4 44. Kxb5 e3 45. Kb6 e2 46. c4 e1=Q 47. b5
Qe7 48. c5 Ke5 49. c6 bxc6 0-1

[Event "Titled Tue 17th Jun Early"]
[Site "chess.com INT"]
[Date "2025.06.17"]
[Round "4"]
[White "Garcia Correa, Jose Ricardo"]
[Black "Miserendino, Alfredo"]
[Result "0-1"]
[WhiteTitle "FM"]
[WhiteElo "2103"]
[BlackElo "2032"]
[WhiteFideId "5101832"]
[BlackFideId "101800"]
[EventDate "2025.06.17"]

1. e4 c5 2. Nf3 e6 3. d4 cxd4 4. Nxd4 Bc5 5. Nb3 Bb6 6. Qg4 Nf6 7. Qf3 O-O 8.
Nc3 Nc6 9. Be3 d5 10. O-O-O Qe7 11. exd5 exd5 12. Bg5 Qe6 13. Bxf6 gxf6 14. Nxd5
Ne5 15. Qxf6 Qxf6 16. Nxf6+ Kg7 17. Ne4 Bf5 18. f3 Rac8 19. Nd4 Bg6 20. h4 h5
21. Be2 Rfd8 22. Nb3 a5 23. a4 Nc4 24. Bxc4 Rxc4 25. Rxd8 Bxd8 26. Rd1 Bxh4 27.
Rd4 Rxd4 28. Nxd4 Bxe4 29. fxe4 Kf6 30. Kd2 Bg5+ 31. Kd3 Bc1 32. b3 Ke5 33. c4
Kf4 34. Ne2+ Kg4 35. Nxc1 Kg3 36. e5 Kxg2 37. Ne2 h4 38. Ke3 h3 39. Nf4+ Kg3 40.
Nxh3 Kxh3 41. Kf4 Kh4 42. Kf5 Kg3 43. Kf6 Kf4 44. Kxf7 Kxe5 45. Ke7 Kd4 46. Kd6
Kc3 47. Kc7 Kxb3 48. Kxb7 Kxc4 49. Kb6 Kb4 50. Kc6 Kxa4 51. Kc5 Kb3 52. Kb5 a4 0-1

[Event "Titled Tue 17th Jun Early"]
[Site "chess.com INT"]
[Date "2025.06.17"]
[Round "4"]
[White "Toktomushev, Teimur"]
[Black "Savitha, Shri B"]
[Result "0-1"]
[WhiteTitle "FM"]
[BlackTitle "IM"]
[WhiteElo "2390"]
[BlackElo "2293"]
[WhiteFideId "14176726"]
[BlackFideId "35061887"]
[EventDate "2025.06.17"]

1. d4 Nf6 2. c4 e6 3. Nf3 b6 4. g3 Ba6 5. Qc2 Bb7 6. Bg2 c5 7. O-O cxd4 8. Nxd4
Bxg2 9. Kxg2 Bc5 10. Nf3 Nc6 11. Nc3 O-O 12. Rd1 h6 13. e4 Ng4 14. Rf1 Qf6 15.
Qe2 e5 16. h3 Nxf2 17. Be3 Nd4 18. Qxf2 Nxf3 19. Qxf3 Bxe3 20. Qxe3 Qc6 21. b3
Rae8 22. Nd5 Re6 23. Rad1 d6 24. Rd3 Qd7 25. Rfd1 Rg6 26. Qf3 Kh7 27. Qf5 Qe8
28. Nc7 Qe7 29. Rxd6 Kh8 30. Rxg6 fxg6 31. Rd7 Qa3 32. Qxf8+ Qxf8 33. Ne6 Qa3
34. Rd8+ Kh7 35. h4 g5 36. h5 Qxa2+ 37. Kh3 g4+ 38. Kxg4 Qe2+ 39. Kh4 Qh2+ 40.
Kg4 Qe2+ 41. Kh4 Qxe4+ 42. g4 Qh1+ 43. Kg3 Qg1+ 44. Kh4 Qh2# 0-1

[Event "Titled Tue 17th Jun Early"]
[Site "chess.com INT"]
[Date "2025.06.17"]
[Round "4"]
[White "Terron Elena, Francisco M."]
[Black "Sailer, Mike"]
[Result "1-0"]
[WhiteTitle "FM"]
[WhiteElo "2148"]
[BlackElo "2108"]
[WhiteFideId "2210576"]
[BlackFideId "2012901"]
[EventDate "2025.06.17"]

1. e4 d5 2. exd5 Qxd5 3. Nc3 Qd6 4. d4 c6 5. Nf3 Bf5 6. Ne5 Nd7 7. Nc4 Qg6 8.
Ne3 e6 9. Nxf5 Qxf5 10. Bd3 Qa5 11. O-O Ngf6 12. Bf4 Be7 13. a3 O-O 14. b4 Qd8
15. Ne4 Nxe4 16. Bxe4 Nf6 17. Bd3 Bd6 18. Be5 Bxe5 19. dxe5 Nd7 20. f4 Qb6+ 21.
Kh1 Rfd8 22. Qh5 Nf8 23. f5 exf5 24. Qxf5 Qc7 25. Rad1 Qe7 26. Rde1 g6 27. Qh3
Ne6 28. Rf6 Rd5 29. Bc4 Rxe5 30. Rxe5 Qxf6 31. Re1 Re8 32. Qd3 Kg7 33. h3 h5 34.
Qd7 Re7 35. Qc8 Nf4 36. Rf1 Qg5 37. Rg1 h4 38. Qd8 Nh5 39. Qd4+ Kh7 40. Qg4 Ng3+
41. Kh2 Qxg4 42. hxg4 Re4 43. Bxf7 Rxg4 44. Rd1 Rf4 45. Rd7 Kh6 46. Kh3 g5 47.
Rd6+ Kg7 48. Be8 Rf6 49. Rd7+ Kh6 50. Rxb7 Rf1 51. Kg4 Rf4+ 52. Kh3 1-0

[Event "Titled Tue 17th Jun Early"]
[Site "chess.com INT"]
[Date "2025.06.17"]
[Round "4"]
[White "Arya G Mallar"]
[Black "Jovic, Stanoje"]
[Result "0-1"]
[WhiteTitle "WCM"]
[BlackTitle "FM"]
[WhiteElo "2000"]
[BlackElo "2096"]
[WhiteFideId "25115324"]
[BlackFideId "905020"]
[EventDate "2025.06.17"]

1. d4 Nf6 2. c4 e6 3. Nf3 Bb4+ 4. Nbd2 O-O 5. g3 d5 6. Qc2 c6 7. Bg2 Nbd7 8. O-O
b6 9. b3 a5 10. Bb2 a4 11. Rac1 axb3 12. axb3 Re8 13. Ra1 Bb7 14. e4 dxe4 15.
Nxe4 Nxe4 16. Qxe4 Nf6 17. Qc2 c5 18. Rfd1 Rxa1 19. Bxa1 Qa8 20. dxc5 Bxf3 21.
Bxf3 Qxf3 22. cxb6 Qc6 23. Bd4 e5 24. Be3 Ng4 25. Qe2 Nxe3 26. Qxe3 Bc5 27. Qg5
Qxb6 28. Qd2 e4 29. Re1 h6 30. Qd7 Re6 31. Re2 e3 32. fxe3 Bxe3+ 33. Kf1 Qxb3
34. Qd8+ Kh7 35. Qd5 Qb1+ 36. Re1 Qc2 37. Re2 Rf6+ 38. Ke1 Qc1+ 39. Qd1 Rf1+ 40.
Kxf1 Qxd1+ 41. Kg2 Qxe2+ 0-1

[Event "Titled Tue 17th Jun Early"]
[Site "chess.com INT"]
[Date "2025.06.17"]
[Round "4"]
[White "Zong, Davis"]
[Black "Willim, Michael"]
[Result "1-0"]
[WhiteTitle "FM"]
[BlackTitle "CM"]
[WhiteElo "2242"]
[BlackElo "2024"]
[WhiteFideId "30903955"]
[BlackFideId "4632435"]
[EventDate "2025.06.17"]

1. d4 d5 2. c4 e6 3. Nf3 Nf6 4. g3 Be7 5. Bg2 O-O 6. O-O dxc4 7. Qc2 c6 8. Qxc4
b5 9. Qc2 Bb7 10. Rd1 Nbd7 11. Bd2 Qb6 12. b4 Rfd8 13. e4 Rac8 14. Bc3 a6 15.
Nbd2 Qa7 16. Nb3 c5 17. dxc5 Bxe4 18. Qe2 Bd5 19. Na5 Nb8 20. a4 bxa4 21. Rxa4
Nc6 22. Nxc6 Bxc6 23. Rxd8+ Rxd8 24. Rxa6 Qb7 25. Rb6 Qa8 26. Ra6 Qb7 27. Ra1
Nd5 28. Be1 Nxb4 29. Rb1 Bxc5 30. h4 Qe7 31. Qc4 Bd5 32. Qb5 Nc2 33. Qe2 Nxe1
34. Rxe1 h6 35. Ne5 Bxg2 36. Kxg2 Qd6 37. Qf3 Qe7 38. Rc1 Bd6 39. Nc6 Qd7 40.
Nxd8 Qxd8 41. Qc6 Qe7 42. Rd1 Be5 43. Rb1 Bf6 44. Qa8+ Kh7 45. Qe4+ g6 46. h5
Kg7 47. hxg6 fxg6 48. Rb7 1-0

[Event "Titled Tue 17th Jun Early"]
[Site "chess.com INT"]
[Date "2025.06.17"]
[Round "4"]
[White "So, Wesley"]
[Black "Klukin, Kirill"]
[Result "1-0"]
[WhiteTitle "GM"]
[BlackTitle "IM"]
[WhiteElo "2745"]
[BlackElo "2401"]
[WhiteFideId "5202213"]
[BlackFideId "24199273"]
[EventDate "2025.06.17"]

1. d4 e6 2. e4 d5 3. e5 c5 4. c3 Nc6 5. Nf3 Nge7 6. Na3 Bd7 7. Nc2 Qa5 8. a3
Nxd4 9. Ncxd4 cxd4 10. Nxd4 Nc6 11. Nf3 Qb6 12. Bd3 Be7 13. O-O O-O 14. Qc2 g6
15. Re1 Rac8 16. Be3 Bc5 17. Bxc5 Qxc5 18. Qd2 Rfd8 19. b4 Qf8 20. h4 f5 21.
exf6 Qxf6 22. Rac1 e5 23. Bb5 e4 24. Qxd5+ Be6 25. Qxe4 Bd5 26. Bc4 Nxb4 27.
Bxd5+ Nxd5 28. c4 Nf4 29. Qxb7 Nd3 30. Qxa7 Nxe1 31. Rxe1 Rxc4 32. Qb7 Rdc8 33.
Ng5 R4c7 34. Qd5+ Kh8 35. g3 Rc2 36. Ne4 Qg7 37. Nd6 Rf8 38. Rf1 Qb2 39. Nf7+
Kg7 40. Ng5 Kh8 41. Qd7 Qg7 42. Qxg7+ Kxg7 43. Ne6+ Kf7 44. Nxf8 Kxf8 45. Ra1
Rc4 46. a4 Rc5 47. a5 Rc4 48. a6 Ra4 1-0

[Event "Titled Tue 17th Jun Early"]
[Site "chess.com INT"]
[Date "2025.06.17"]
[Round "4"]
[White "Kapra, Jerjis"]
[Black "Schmakel, Sam"]
[Result "0-1"]
[BlackTitle "IM"]
[WhiteElo "2055"]
[BlackElo "2456"]
[WhiteFideId "2640341"]
[BlackFideId "2039311"]
[EventDate "2025.06.17"]

1. e4 e6 2. Qe2 c5 3. b3 Nc6 4. Bb2 Nf6 5. Nf3 d5 6. exd5 Nxd5 7. Nc3 Ndb4 8.
O-O-O Be7 9. a3 Na6 10. Ne4 O-O 11. d4 cxd4 12. Nxd4 Nxd4 13. Rxd4 Qc7 14. Qf3
e5 15. Rc4 Qd8 16. Bxe5 Bxa3+ 17. Kb1 f6 18. Ba1 Be6 19. Rd4 Qe7 20. Bc4 Rac8
21. Bxe6+ Qxe6 22. Rhd1 Rc7 23. Nd6 Bxd6 24. Rxd6 Qf7 25. h4 Nb4 26. Bc3 Nc6 27.
h5 h6 28. g4 Ne5 29. Bxe5 fxe5 30. Qe4 Qxf2 31. Rd7 Rxd7 32. Rxd7 Qf1+ 33. Kb2
Qf6 34. Qxb7 e4+ 35. Ka2 Re8 36. Qd5+ Qe6 37. Qb7 Qe5 38. Qd5+ Qxd5 39. Rxd5 e3
40. Rd1 e2 41. Re1 Kf7 42. Kb2 Kf6 43. Kc3 Kg5 44. Kd2 Kxg4 45. Rxe2 Rxe2+ 46.
Kxe2 Kxh5 47. Ke3 Kg6 48. Ke4 Kf6 49. c4 Ke6 50. b4 g5 51. Kf3 h5 52. Kg3 h4+
53. Kg4 Ke5 54. Kh3 Kd4 55. c5 Kd5 56. Kg4 a5 57. bxa5 Kxc5 0-1

[Event "Titled Tue 17th Jun Early"]
[Site "chess.com INT"]
[Date "2025.06.17"]
[Round "4"]
[White "Malek, Jan"]
[Black "Cernov, Henrik"]
[Result "1-0"]
[WhiteTitle "GM"]
[BlackTitle "FM"]
[WhiteElo "2505"]
[BlackElo "2325"]
[WhiteFideId "21864080"]
[BlackFideId "16258312"]
[EventDate "2025.06.17"]

1. Nf3 Nf6 2. b3 g6 3. Bb2 Bg7 4. c4 O-O 5. e3 d6 6. Be2 e5 7. O-O Nc6 8. d3 h6
9. a3 a5 10. Nc3 Be6 11. Re1 Qd7 12. d4 exd4 13. exd4 d5 14. Ne5 Qc8 15. Bf3 Rd8
16. cxd5 Nxd5 17. Nxd5 Bxd5 18. Bxd5 Rxd5 19. Qf3 Qe6 20. Nxg6 Qd6 21. Ne7+ Nxe7
22. Rxe7 Rf8 23. Rae1 Qc6 24. h3 Bxd4 25. Bxd4 Rxd4 26. Qxc6 bxc6 27. Rxc7 Rd3
28. Rxc6 Rxb3 29. Rxh6 Rxa3 30. Re4 Kg7 31. Ra6 Rd8 32. Rg4+ Kf8 33. Rf4 Rd7 34.
Kh2 Ra2 35. h4 Kg7 36. Rf5 a4 37. Rf4 Rdd2 38. Ra7 a3 39. Rfxf7+ Kg8 40. Rf3
Rxf2 41. Rxf2 Rxf2 42. Rxa3 Kg7 43. Kg3 Rc2 44. Kh3 Rc6 45. g4 Kg6 46. h5+ Kh6
47. Kh4 Rb6 48. Ra7 Rb4 49. Ra6+ Kg7 50. h6+ Kh7 51. Kh5 Rb1 52. Ra7+ Kg8 53. g5
Rb5 54. Rg7+ Kh8 55. Rf7 Kg8 56. Rf6 Rb7 57. Kg6 Rg7+ 58. Kh5 Rb7 59. Rf5 Rb1
60. Kg6 Rb6+ 61. Rf6 Rb8 62. h7+ Kh8 63. Kh6 Rb6 64. Kh5 Rxf6 65. gxf6 Kxh7 66.
Kg5 Kh8 67. Kh6 Kg8 68. Kg6 Kh8 69. Kf7 Kh7 70. Ke7 1-0

[Event "Titled Tue 17th Jun Early"]
[Site "chess.com INT"]
[Date "2025.06.17"]
[Round "4"]
[White "Blackburn, Jonathan L B"]
[Black "Terkiewicz, Bruno"]
[Result "1/2-1/2"]
[WhiteTitle "FM"]
[BlackTitle "CM"]
[WhiteElo "2207"]
[BlackElo "2183"]
[WhiteFideId "1801090"]
[BlackFideId "21093245"]
[EventDate "2025.06.17"]

1. d4 Nf6 2. c4 e6 3. Nc3 Bb4 4. e3 O-O 5. Bd3 d5 6. Ne2 dxc4 7. Bxc4 a6 8. a3
Bd6 9. Qc2 b5 10. Bd3 Bb7 11. e4 e5 12. dxe5 Bxe5 13. f4 Bxc3+ 14. bxc3 c5 15.
e5 c4 16. Bf5 Nh5 17. Bxh7+ Kh8 18. Be3 Nxf4 19. Nxf4 Qh4+ 20. g3 Qxh7 21. Qxh7+
Kxh7 22. O-O Nd7 23. e6 fxe6 24. Nxe6 Rxf1+ 25. Rxf1 Re8 26. Ng5+ Kg6 27. Bf4
Nf6 28. Nf3 Re2 29. Nh4+ Kh5 30. Nf3 Kg4 31. Ne5+ Kh3 32. Rd1 Rxh2 33. Kf1 Ne4
34. Rd7 Rh1+ 35. Ke2 Nxc3+ 36. Kd2 Nb1+ 37. Ke2 Be4 38. Rd8 Nc3+ 39. Ke3 Re1+
40. Kf2 Re2+ 41. Kf1 Bg2+ 42. Kg1 Re1+ 43. Kf2 Rf1+ 44. Ke3 Re1+ 45. Kf2 Re2+
46. Kg1 Re1+ 47. Kf2 1/2-1/2

[Event "Titled Tue 17th Jun Early"]
[Site "chess.com INT"]
[Date "2025.06.17"]
[Round "4"]
[White "Sasvatha A"]
[Black "Mafra, Kaiser Luiz"]
[Result "1-0"]
[WhiteTitle "WCM"]
[BlackTitle "CM"]
[WhiteElo "1760"]
[BlackElo "2076"]
[WhiteFideId "45010862"]
[BlackFideId "2106698"]
[EventDate "2025.06.17"]

1. d4 Nf6 2. Nf3 g6 3. Bf4 Bg7 4. e3 Nh5 5. Be5 f6 6. Bg3 Nxg3 7. hxg3 e6 8. Bd3
d5 9. Rxh7 Rxh7 10. Bxg6+ Kf8 11. Bxh7 Nd7 12. Bd3 c5 13. c4 dxc4 14. Bxc4 Nb6
15. Be2 cxd4 16. Nxd4 Qe7 17. Nc3 Bd7 18. Qb3 Rd8 19. Bf3 e5 20. Ndb5 Be6 21.
Qc2 f5 22. Rd1 e4 23. Rxd8+ Qxd8 24. Be2 a6 25. Na3 Qd6 26. Nab1 Nc4 27. Bxc4
Bxc4 28. Nd2 Bd3 29. Qb3 Qh6 30. Ne2 Qh5 31. f3 b5 32. Qb4+ Kg8 33. Qb3+ Kh8 34.
Kf2 Qh2 35. Nf4 exf3 36. Qxd3 fxg2 37. Nxg2 Be5 38. Nf1 Qh5 39. b3 Qg4 40. Qd8+
Kh7 41. Qe7+ Bg7 42. Qh4+ Qxh4 43. Nxh4 1-0

[Event "Titled Tue 17th Jun Early"]
[Site "chess.com INT"]
[Date "2025.06.17"]
[Round "4"]
[White "Kravtsiv, Martyn"]
[Black "Mizzi, Jack"]
[Result "1-0"]
[WhiteTitle "GM"]
[BlackTitle "CM"]
[WhiteElo "2598"]
[BlackElo "2107"]
[WhiteFideId "14113147"]
[BlackFideId "5602521"]
[EventDate "2025.06.17"]

1. b3 e5 2. Bb2 Nc6 3. g3 d5 4. Bg2 Nf6 5. d3 Bd6 6. Nd2 O-O 7. e3 Be6 8. Ne2
Qd7 9. O-O Bh3 10. a3 Bxg2 11. Kxg2 Rfe8 12. b4 a6 13. Nb3 Rad8 14. c4 Bf8 15.
Qc2 dxc4 16. dxc4 Qd3 17. Rac1 Qxc2 18. Rxc2 Rd3 19. Nec1 Rd7 20. b5 Nb8 21. a4
c5 22. Ne2 Rd3 23. Nc3 Red8 24. Kf3 Nbd7 25. Ke2 Nb6 26. Na5 axb5 27. axb5 R3d7
28. Rd1 Rxd1 29. Nxd1 Ra8 30. Nxb7 Nfd7 31. e4 Ra4 32. Ne3 Be7 33. f3 Ra7 34.
Nf5 Kf8 35. Nfd6 Ra2 36. Kd3 g6 37. Bc1 Ra1 38. Bh6+ Kg8 39. Bd2 Kf8 40. Ba5
Bxd6 41. Bxb6 Ke7 42. Nxd6 Kxd6 43. Bd8 f6 44. b6 Kc6 45. Rb2 Ra8 46. Bc7 Kb7
47. f4 Ra3+ 48. Ke2 exf4 49. gxf4 Rh3 50. f5 gxf5 51. exf5 Ne5 52. Bxe5 fxe5 53.
Rb5 Rxh2+ 54. Ke3 Rh6 55. Ke4 Rxb6 56. Rxb6+ Kxb6 57. f6 1-0

[Event "Titled Tue 17th Jun Early"]
[Site "chess.com INT"]
[Date "2025.06.17"]
[Round "4"]
[White "Jaiveer, Mahendru"]
[Black "Mikhailova, Irina"]
[Result "1-0"]
[WhiteTitle "FM"]
[BlackTitle "WGM"]
[WhiteElo "2217"]
[BlackElo "2143"]
[WhiteFideId "25611151"]
[BlackFideId "4109040"]
[EventDate "2025.06.17"]

1. d4 Nf6 2. Nf3 g6 3. c4 Bg7 4. g3 O-O 5. Bg2 c6 6. O-O d5 7. Nc3 dxc4 8. Ne5
Ng4 9. f4 Nxe5 10. fxe5 c5 11. e3 Nc6 12. Bd5 Bh3 13. Rf2 e6 14. Bxc6 bxc6 15.
Ne4 Bxe5 16. Nxc5 Bg7 17. Bd2 e5 18. Bc3 Qe7 19. Qa4 Rad8 20. Qxc4 exd4 21. exd4
Rfe8 22. Nb3 Be6 23. Qd3 Bd5 24. Re1 Qd7 25. Ref1 f5 26. Nc5 Qc8 27. Re2 Rxe2
28. Qxe2 Re8 29. Qd3 Qd8 30. Re1 Rxe1+ 31. Bxe1 Qe7 32. Bf2 Be4 33. Qb3+ Bd5 34.
Qb8+ Qf8 35. Qxa7 f4 36. Nd7 Qe7 37. Qb8+ Kf7 38. Qxf4+ Ke6 39. Nc5+ Qxc5 40.
dxc5 Kd7 41. Qd6+ 1-0

[Event "Titled Tue 17th Jun Early"]
[Site "chess.com INT"]
[Date "2025.06.17"]
[Round "4"]
[White "Chiappero, Julio Alfredo"]
[Black "Kukushkin, Ivan"]
[Result "1-0"]
[WhiteTitle "FM"]
[BlackTitle "CM"]
[WhiteElo "2238"]
[BlackElo "2008"]
[WhiteFideId "139998"]
[BlackFideId "11634103"]
[EventDate "2025.06.17"]

1. d4 d5 2. c4 e6 3. Nc3 Nf6 4. cxd5 exd5 5. Bg5 Be7 6. e3 c6 7. Bd3 O-O 8. Qc2
h6 9. Bh4 Re8 10. Nge2 Nbd7 11. O-O Nf8 12. h3 Ne4 13. Bxe7 Qxe7 14. Bxe4 dxe4
15. Rad1 Ng6 16. d5 Bd7 17. Ng3 f5 18. Qb3 Kh7 19. Qxb7 Reb8 20. Qa6 Rb6 21. Qe2
Rab8 22. b3 Qf6 23. Na4 Rb4 24. Nc5 Be8 25. d6 Rd8 26. d7 Bf7 27. Qd2 Rb5 28. b4
a5 29. a3 axb4 30. axb4 Ne5 31. Qd6 Qxd6 32. Rxd6 g6 33. Rfd1 Rxb4 34. Ne6 Bxe6
35. Rxe6 Nf7 36. Ne2 Rb7 37. Re7 Kg7 38. Nf4 Rbb8 39. Ne6+ Kf6 40. Nxd8 Rxd8 41.
Re8 c5 42. Rxd8 Nxd8 43. Rc1 Ke7 44. Rxc5 Kxd7 45. Rc1 Ke6 46. Rd1 Nf7 47. Kh2
Kf6 48. g3 g5 49. Ra1 Ne5 50. Ra6+ Kg7 51. Kg2 Nf3 52. g4 f4 53. Ra4 Nd2 54. Rd4
Nf3 55. Rxe4 Nh4+ 56. Kf1 fxe3 57. fxe3 Nf3 58. Kf2 Nh4 59. Ra4 h5 60. Ra7+ Kf6
61. Ra6+ Ke5 62. Ra5+ Kf6 63. gxh5 1-0